LDR 01297nam a2200301 i 4500 001 000000110787 003 CaOOAMICUS 005 20260505110846.0 008 021214s2001 it u000 u ita u 020 $a88-452-9134-0 040 $aSeMil$bita 041 1 $aita$ager 100 1 $aHamann, Johann Georg,$d<1730-1788>.$0(OLS)http://semarc/name/3396 245 10$aAesthaetica in nuce :$buna rapsodia in prosa cabbalistica /$cJohann Georg Hamann ; introduzione, traduzione, note di Angelo Pupi. 260 $aMilano :$bBompiani,$c2001. 300 $a332 p. ;$c21 cm. 490 0 $aBompiani Testi a fronte ;$v45 500 $aTesto tedesco a fronte 650 4$aEstetica filosofica.$0(OLS)http://semarc/subject/6361 700 1 $aPupi, Angelo <1927-2011>.$0(OLS)http://semarc/name/3397 830 0$aBompiani. Testi a fronte ;$v45.$0(OLS)http://semarc/title/12808 850 $aSeMil 852 $aSeMil$W1$xVenegono$y1$m2NA V 45$j271343$B66650$CSeMilBibl$Z2$F73438 $81 961 $aAcquisto: Àncora (Libreria) 996 $6020$a88-452-9134-0$9(OLS)http://semarc/number/92715 996 $6245$aAesthaetica in nuce :$buna rapsodia in prosa cabbalistica$9(OLS)http://semarc/title/161087 996 $6260$aMilano :$bBompiani$9(OLS)http://semarc/publisher/29706